| 000 | 00742nam a22002411c 4500 | ||
|---|---|---|---|
| 001 | 9783835310711-nbs | ||
| 008 | 150126s2012 gw |||| 000u ger d | ||
| 020 |
_a9783835310711 _9978-3-8353-1071-1 |
||
| 041 | _ager | ||
| 100 | 1 | _aEchterhölter, Anna | |
| 245 | 0 | 0 |
_aSchattengefechte : _bgenealogische Praktiken in Nachrufen auf Naturwissenschaftler (1710-1860) / _cEchterhölter, Anna |
| 264 |
_aGöttingen : _bWallstein-Verl., _c2012 |
||
| 300 | _a365 S. | ||
| 502 | _aZugl.: Berlin, Humboldt-Univ., Diss., 2009 | ||
| 648 | 0 | _a1710-1860 | |
| 650 | 0 | _aNachruf | |
| 650 | 0 | _aNaturwissenschaftler | |
| 655 | 0 | _aHochschulschrift | |
| 942 | _cMG | ||
| 040 | _cRU-10907106 | ||
| 003 | RU-10907106 | ||
| 999 |
_c25718 _d25718 |
||
| 490 | 0 | _aWissenschaftsgeschichte | |